000 00603cam a22002053a 4500
001 40947
003 PGUSA
005 20140828083924.0
008 121005s2012||||xxu|||||s|||||000 | eng d
040 _aPGUSA
_beng
042 _adc
100 1 _aCholmondeley, Mary,
_d1859-1925
245 1 4 _aThe Romance of His Life :
_bAnd Other Romances
_h[electronic resource] /
_cMary Cholmondeley
260 _bProject Gutenberg,
_c2012
506 _aPublic domain in the USA.
516 _aElectronic text
830 0 _aProject Gutenberg
_v40947
856 4 0 _uhttp://www.gutenberg.org/ebooks/40947
942 _cEB
999 _c270199
_d270199